20 najpopularniejszych imion męskich w Polsce - nagła śmierć - Statystyki

Ogólne statystyki
  • Ten quiz został rozwiązany 144 razy
  • Średni wynik to 7 z 20
Answers on the Grid
Answers color-coded by a green-red scale on the quiz's grid according to % correct below.
Adam
Andrzej
Arkadiusz
Cezary
Daniel
Dariusz
Dawid
Filip
Grzegorz
Jakub
Jan
Janusz
Jarosław
Józef
Kacper
Krzysztof
Łukasz
Maciej
Marcin
Marek
Mariusz
Mateusz
Michał
Mirosław
Patryk
Paweł
Piotr
Rafał
Roman
Ryszard
Sławomir
Stanisław
Szymon
Tadeusz
Tomasz
Wojciech
 
Statystyki odpowiedzi
Odpowiedź % Poprawnych
Adam
80%
Andrzej
65%
Jan
57%
Piotr
48%
Jakub
46%
Tomasz
42%
Paweł
41%
Krzysztof
38%
Michał
38%
Grzegorz
31%
Wojciech
30%
Stanisław
28%
Mateusz
26%
Łukasz
25%
Marcin
22%
Maciej
17%
Marek
17%
Rafał
14%
Dariusz
12%
Mariusz
4%
Nie znaleziono quizów pasujących do podanych kryteriów
Rozkład punktacji
Procent ludzi z każdym wynikiem
Percentyl według liczby udzielonych odpowiedzi
Twoja historia wyników
Nie rozwiązałeś tego quizu